Districts of England by County - Statistics

General Stats
  • This quiz has been taken 61 times
  • The average score is 123 of 296
Answer Stats
County Answer % Correct
West Yorkshire Leeds
80%
South Yorkshire Sheffield
80%
North Yorkshire York
80%
Lancashire Blackpool
70%
Greater Manchester Bolton
70%
West Yorkshire Bradford
70%
Devon Exeter
70%
Merseyside Liverpool
70%
Bedfordshire Luton
70%
Kent Maidstone
70%
North Yorkshire Middlesbrough
70%
Tyne and Wear Newcastle upon Tyne
70%
Lancashire Preston
70%
Tyne and Wear Sunderland
70%
South Yorkshire Barnsley
60%
Bedfordshire Bedford
60%
East Sussex Brighton and Hove
60%
Bristol Bristol
60%
Cambridgeshire Cambridge
60%
Essex Chelmsford
60%
Derbyshire Chesterfield
60%
City of London City of London
60%
Essex Colchester
60%
County Durham County Durham
60%
West Sussex Crawley
60%
County Durham Darlington
60%
Derbyshire Derby
60%
South Yorkshire Doncaster
60%
Kent Dover
60%
Tyne and Wear Gateshead
60%
Greater London Hackney
60%
East Sussex Hastings
60%
Suffolk Ipswich
60%
East Riding of Yorkshire Kingston upon Hull
60%
Lancashire Lancaster
60%
Leicestershire Leicester
60%
East Sussex Lewes
60%
Lincolnshire Lincoln
60%
Greater Manchester Manchester
60%
Buckinghamshire Milton Keynes
60%
Norfolk Norwich
60%
Nottinghamshire Nottingham
60%
Greater Manchester Oldham
60%
Oxfordshire Oxford
60%
Berkshire Reading
60%
East Sussex Rother
60%
South Yorkshire Rotherham
60%
Greater Manchester Salford
60%
Berkshire Slough
60%
Hampshire Southampton
60%
Hertfordshire St Albans
60%
Greater Manchester Stockport
60%
West Yorkshire Wakefield
60%
Hertfordshire Watford
60%
Greater London Westminster
60%
Greater Manchester Wigan
60%
Surrey Woking
60%
Essex Basildon
50%
West Midlands Birmingham
50%
Greater London Brent
50%
Greater London Bromley
50%
Kent Canterbury
50%
Gloucestershire Cheltenham
50%
West Sussex Chichester
50%
Lancashire Chorley
50%
Cornwall Cornwall
50%
Gloucestershire Cotswold
50%
West Midlands Coventry
50%
Kent Dartford
50%
Dorset Dorset
50%
East Sussex Eastbourne
50%
Lancashire Fylde
50%
Gloucestershire Gloucester
50%
Greater London Greenwich
50%
Hampshire Hart
50%
County Durham Hartlepool
50%
Isle of Wight Isle of Wight
50%
Greater London Islington
50%
Greater London Lewisham
50%
Nottinghamshire Mansfield
50%
Kent Medway
50%
Staffordshire Newcastle-under-Lyme
50%
Northumberland Northumberland
50%
Devon Plymouth
50%
Hampshire Portsmouth
50%
Greater Manchester Rochdale
50%
Warwickshire Rugby
50%
Rutland Rutland
50%
Essex Southend-on-Sea
50%
Staffordshire Stafford
50%
Hertfordshire Stevenage
50%
Merseyside St Helens
50%
Staffordshire Stoke-on-Trent
50%
Gloucestershire Stroud
50%
Kent Thanet
50%
Greater Manchester Trafford
50%
Kent Tunbridge Wells
50%
Warwickshire Warwick
50%
Hampshire Winchester
50%
Merseyside Wirral
50%
Worcestershire Worcester
50%
West Sussex Arun
40%
Kent Ashford
40%
Greater London Barnet
40%
Lancashire Blackburn with Darwen
40%
Berkshire Bracknell Forest
40%
Essex Braintree
40%
Essex Brentwood
40%
Lancashire Burnley
40%
Greater Manchester Bury
40%
West Yorkshire Calderdale
40%
Greater London Camden
40%
Cheshire Cheshire East
40%
Cheshire Cheshire West and Chester
40%
Greater London Croydon
40%
Hertfordshire Dacorum
40%
West Midlands Dudley
40%
Hampshire Eastleigh
40%
Staffordshire East Staffordshire
40%
Essex Epping Forest
40%
Kent Gravesham
40%
Norfolk Great Yarmouth
40%
Cheshire Halton
40%
Greater London Hammersmith and Fulham
40%
Hampshire Havant
40%
Hertfordshire Hertsmere
40%
Derbyshire High Peak
40%
Cambridgeshire Huntingdonshire
40%
Lancashire Hyndburn
40%
Cornwall Isles of Scilly
40%
Greater London Kensington and Chelsea
40%
West Yorkshire Kirklees
40%
Merseyside Knowsley
40%
Staffordshire Lichfield
40%
Leicestershire Melton
40%
Greater London Merton
40%
Hampshire New Forest
40%
Lincolnshire North Lincolnshire
40%
Lancashire Pendle
40%
Cambridgeshire Peterborough
40%
Greater London Redbridge
40%
North Yorkshire Redcar and Cleveland
40%
Worcestershire Redditch
40%
Lancashire Ribble Valley
40%
Greater London Richmond upon Thames
40%
Lancashire Rossendale
40%
Merseyside Sefton
40%
Kent Sevenoaks
40%
Shropshire Shropshire
40%
West Midlands Solihull
40%
Somerset Somerset
40%
Oxfordshire South Oxfordshire
40%
Lancashire South Ribble
40%
Staffordshire South Staffordshire
40%
Greater London Southwark
40%
County Durham / North Yorkshire Stockton-on-Tees
40%
Greater London Sutton
40%
Wiltshire Swindon
40%
Greater Manchester Tameside
40%
Staffordshire Tamworth
40%
Gloucestershire Tewkesbury
40%
Devon Torbay
40%
Greater London Tower Hamlets
40%
West Midlands Walsall
40%
Greater London Waltham Forest
40%
Cheshire Warrington
40%
Lancashire West Lancashire
40%
Oxfordshire West Oxfordshire
40%
Wiltshire Wiltshire
40%
Berkshire Windsor and Maidenhead
40%
West Midlands Wolverhampton
40%
West Sussex Worthing
40%
Lancashire Wyre
40%
West Sussex Adur
30%
Derbyshire Amber Valley
30%
Nottinghamshire Ashfield
30%
Suffolk Babergh
30%
Greater London Barking and Dagenham
30%
Hampshire Basingstoke and Deane
30%
Somerset Bath and North East Somerset
30%
Greater London Bexley
30%
Leicestershire Blaby
30%
Derbyshire Bolsover
30%
Lincolnshire Boston
30%
Dorset Bournemouth, Christchurch and Poole
30%
Norfolk Breckland
30%
Norfolk Broadland
30%
Worcestershire Bromsgrove
30%
Hertfordshire Broxbourne
30%
Nottinghamshire Broxtowe
30%
Buckinghamshire Buckinghamshire
30%
Staffordshire Cannock Chase
30%
Essex Castle Point
30%
Bedfordshire Central Bedfordshire
30%
Leicestershire Charnwood
30%
Oxfordshire Cherwell
30%
Cumbria Cumberland
30%
Derbyshire Derbyshire Dales
30%
Greater London Ealing
30%
Cambridgeshire East Cambridgeshire
30%
Devon East Devon
30%
Hampshire East Hampshire
30%
Hertfordshire East Hertfordshire
30%
Lincolnshire East Lindsey
30%
East Riding of Yorkshire East Riding of Yorkshire
30%
Suffolk East Suffolk
30%
Surrey Elmbridge
30%
Greater London Enfield
30%
Surrey Epsom and Ewell
30%
Derbyshire Erewash
30%
Hampshire Fareham
30%
Cambridgeshire Fenland
30%
Kent Folkestone and Hythe
30%
Gloucestershire Forest of Dean
30%
Nottinghamshire Gedling
30%
Hampshire Gosport
30%
Surrey Guildford
30%
Greater London Haringey
30%
Essex Harlow
30%
Greater London Harrow
30%
Greater London Havering
30%
Herefordshire Herefordshire
30%
Greater London Hillingdon
30%
Leicestershire Hinckley and Bosworth
30%
West Sussex Horsham
30%
Greater London Hounslow
30%
Norfolk King's Lynn and West Norfolk
30%
Greater London Kingston upon Thames
30%
Greater London Lambeth
30%
Essex Maldon
30%
Worcestershire Malvern Hills
30%
Devon Mid Devon
30%
Suffolk Mid Suffolk
30%
West Sussex Mid Sussex
30%
Surrey Mole Valley
30%
Nottinghamshire Newark and Sherwood
30%
Greater London Newham
30%
Devon North Devon
30%
Derbyshire North East Derbyshire
30%
Lincolnshire North East Lincolnshire
30%
Hertfordshire North Hertfordshire
30%
Lincolnshire North Kesteven
30%
Norfolk North Norfolk
30%
Northamptonshire North Northamptonshire
30%
Somerset North Somerset
30%
Tyne and Wear North Tyneside
30%
Warwickshire North Warwickshire
30%
Leicestershire North West Leicestershire
30%
North Yorkshire North Yorkshire
30%
Warwickshire Nuneaton and Bedworth
30%
Leicestershire Oadby and Wigston
30%
Surrey Reigate and Banstead
30%
Essex Rochford
30%
Surrey Runnymede
30%
Nottinghamshire Rushcliffe
30%
Hampshire Rushmoor
30%
West Midlands Sandwell
30%
Cambridgeshire South Cambridgeshire
30%
Derbyshire South Derbyshire
30%
Gloucestershire South Gloucestershire
30%
Devon South Hams
30%
Lincolnshire South Holland
30%
Lincolnshire South Kesteven
30%
Norfolk South Norfolk
30%
Tyne and Wear South Tyneside
30%
Surrey Spelthorne
30%
Staffordshire Staffordshire Moorlands
30%
Warwickshire Stratford-on-Avon
30%
Surrey Surrey Heath
30%
Kent Swale
30%
Surrey Tandridge
30%
Devon Teignbridge
30%
Shropshire Telford and Wrekin
30%
Hampshire Test Valley
30%
Hertfordshire Three Rivers
30%
Essex Thurrock
30%
Kent Tonbridge and Malling
30%
Devon Torridge
30%
Essex Uttlesford
30%
Oxfordshire Vale of White Horse
30%
Greater London Wandsworth
30%
Surrey Waverley
30%
East Sussex Wealden
30%
Hertfordshire Welwyn Hatfield
30%
Berkshire West Berkshire
30%
Devon West Devon
30%
Lincolnshire West Lindsey
30%
Cumbria Westmorland and Furness
30%
Northamptonshire West Northamptonshire
30%
Suffolk West Suffolk
30%
Berkshire Wokingham
30%
Worcestershire Wychavon
30%
Worcestershire Wyre Forest
30%
Nottinghamshire Bassetlaw
20%
Leicestershire Harborough
20%
Essex Tendring
20%
No matching quizzes found
Score Distribution
Percent of People with Each Score
Percentile by Number Answered
Your Score History
You have not taken this quiz